Towards a New Partnership with Citizens Jordan's Decentralisation Reform

Saved in:
Bibliographic Details
Format: Book
Language:English
Published: Paris OECD 2017
Series:OECD Public Governance Reviews
Subjects:
Tags: Add Tag
No Tags, Be the first to tag this record!

MARC

LEADER 00000nam a2200000 4500
001 0242268
005 20240314123550.7
020 |a 978-92-64-27545-4 
041 0 |a eng 
044 |a FR 
245 1 0 |a Towards a New Partnership with Citizens  |b Jordan's Decentralisation Reform 
264 1 |a Paris  |b OECD  |c 2017 
300 |a 243 s. 
490 1 |a OECD Public Governance Reviews 
830 0 |a OECD Public Governance Reviews 
610 2 0 |a správa verejná 
610 2 0 |a správa štátna 
610 2 0 |a decentralizácia 
610 2 0 |a plánovanie strategické 
610 2 0 |a občania 
610 2 0 |a Jordánsko